Walking Dead Whisperers Characters - Statistics

General Stats
  • This quiz has been taken 18 times
  • The average score is 4 of 5
Answer Stats
Answer % Correct
Alpha
100%
Beta
100%
Lydia
90%
Gamma
80%
Dante
30%
No matching quizzes found
Score Distribution
Percent of People with Each Score
Percentile by Number Answered
Your Score History
You have not taken this quiz